| 000 | 00607nam a2200217Ia 4500 | ||
|---|---|---|---|
| 003 | GCL | ||
| 008 | 140319s9999 xx 000 0 eng d | ||
| 040 |
_aGCL / _cGCL |
||
| 082 | 0 | 4 |
_aCC _b299.31 _bF H |
| 100 | 1 | _aFORMAN, WERNER | |
| 245 | 1 | 0 |
_aHIEROGLYPHS AND THE AFTERLIFE IN ANCIENT EGYPT / _cFORMAN, WERNER |
| 700 | 1 | _aQUIRKE, STEPHEN | |
| 260 |
_a[S.N] : _bBRITISH MUSEUM PRESS ، _c1996 |
||
| 300 |
_a192 P ؛ _c30 cm. |
||
| 650 | 0 | 4 | _aANCIENT EGYPT |
| 650 | 0 | 4 | _aEGYPTOLOGY |
| 650 | 0 | 4 | _aHIEROGLYPHES |
| 650 | 0 | 4 | _aHIEROGLYPHIC LANGUAGE |
| 650 | 0 | 4 | _aANCIENT EGYPT LANGUAGE |
| 942 |
_2ddc _cBK |
||
| 999 |
_c14095 _d14095 |
||